Teoretické štúdium termodynamiky antioxidačného pôsobenia prírodných a modelových látok diplomová práca CD

Salvato in:
Dettagli Bibliografici
Autore principale: Poliak, Peter
Natura: Software Libro
Lingua:slovacco
Pubblicazione: Bratislava STU FCHPT 2013
Accesso online:Visualizza in OPAC
Tags: Aggiungi Tag
Nessun Tag, puoi essere il primo ad aggiungerne!!

MARC

LEADER 00000nam a2200000 a 4500
005 20260127134031.0
007 co ugu
008 130813 2013 000 0 slo d
035 |a vtls010534781 
039 9 |y 201308131431  |z mschk03 
040 |a STUSCHK1  |b slo  |c STUSCHK1  |e AACR2 
100 1 |a Poliak, Peter  |9 1083 
245 1 |a Teoretické štúdium termodynamiky antioxidačného pôsobenia prírodných a modelových látok  |b diplomová práca CD  |c Peter Poliak 
260 |a Bratislava  |b STU FCHPT  |c 2013 
300 |a 1 optický disk 
500 |a Obhájené: 10.06.2013 
500 |a Štud. odbor: Chémia, chemické technológie 
500 |a Škol. prac.: Odd. fyzikálnej chémie 
500 |a Evid. číslo: STU FCHPT-5459-58213 
910 |a SCHK95 
999 |c 2514  |d 2514